| 000 | 01035nam a22002297a 4500 | ||
|---|---|---|---|
| 999 |
_c4368 _d4368 |
||
| 003 | AR-CdUCM | ||
| 008 | 190308b ||||| |||| 00| 0 spa d | ||
| 040 |
_aMUNICIPALIDAD PROVINCIAL DEL CUSCO _cBIBLIOTECA MUNICIPAL DEL CUSCO |
||
| 082 |
_a796.325 / _bV6 |
||
| 245 |
_aVoleibol : _bdeporte familiar. Reglamento oficial, XXV reglas de juego con múltiples ilustraciones / |
||
| 246 | _aHomenaje a las selecciones femeninas de voleibol del Perú de todos los tiempos | ||
| 260 |
_aLima : _bMercurio S.A., _c1990. |
||
| 300 |
_a176 páginas ; _bfotografías ; _c16.5 cm. |
||
| 440 |
_aDeportes _913786 |
||
| 505 | _aContenido: Historia del voleibol peruano a través de sus trofeos -- Reglamento internacional: XXV reglas de juego -- Términos usuales en voleibol -- Manejo del banderín por jueces de linea ... | ||
| 650 |
_aVoleibol - Técnicas _913787 |
||
| 650 |
_aReglamentos - Voleibol _913788 |
||
| 650 |
_aTérminos - Voleibol _913789 |
||
| 650 |
_aVoleibol - Conceptos _913790 |
||
| 942 |
_2ddc _cLIBROS |
||
| 945 | _alccs | ||